LEADER 01122nam a2200277 u 4500 001 000000053653 003 CaOOAMICUS 005 20070226115602.0 008 001120s1992 gw af u000 u ger u 020 $a3506739662 035 $a10861747 040 $aPUL$bita 100 1 $aHürten, Heinz.$0(OLS)http://pul/name/38198 245 10$aDeutsche Katholiken :$b1918-1945 /$cHeinz Hürten. 260 $aPaderborn :$bF. Schöningh,$c1992. 300 $a700 p., 24 p. di tav. :$bill. ;$c24 cm 504 $a"Quellen- und Literaturverzeichnis": p. [653]-690. 650 4$aChiesa$xStoria$zGermania.$0(OLS)http://pul/subject/8946 651 4$aGermania$xStoria ecclesiastica.$0(OLS)http://pul/subject/5730 850 $aPUL 852 $aPUL$W1$xSL Religione 1$y3$m62 C 72$j70753$nBK-PRI$b $qStampati$B70753$CPULBib$Z2$F70753 $H $81 941 1 $a8 961 $aINV: 83133 996 $6020$a3506739662$9(OLS)http://pul/number/67609 996 $6245$aDeutsche Katholiken :$b1918-1945$9(OLS)http://pul/title/71963 996 $6260$aPaderborn :$bF. Schöningh$9(OLS)http://pul/publisher/47993 LEADER 01062nam a2200277 u 4500 001 000000064403 003 CaOOAMICUS 005 20070226121343.0 008 011119c1998 it u000 u ita u 035 $a10910368 040 $aPUL(R)$bita 041 0 $aita$hfre 100 1 $aWeil, Simone,$d1909-1943.$0(OLS)http://pul/name/732 240 10$aSur la science.$lItaliano.$0(OLS)http://pul/title/78217 245 10$aSulla Scienza /$cSimone Weil ; traduzione di Marisa Cristadoro. 260 $aRoma :$bBorla,$cc1998. 300 $a223 p. ;$c22 cm 504 $aBibliografia in nota. 650 4$aScienza$xCritica e interpretazione.$0(OLS)http://pul/subject/11266 700 1 $aCristadoro, Marisa,$d1930-$0(OLS)http://pul/name/43532 850 $aPUL 852 $aPUL$W1$xSL Filosofia 1$y2$m84 L 96$j83484$nBK-PRI$b $qStampati$B83484$CPULBib$Z2$F83484 $H $81 941 1 $a8 961 $aINV: 79431 996 $6245$aSulla Scienza$9(OLS)http://pul/title/78218 996 $6260$aRoma :$bBorla$9(OLS)http://pul/publisher/48061